| 000 | 00602nam a22001817a 4500 | ||
|---|---|---|---|
| 005 | 20250403145942.0 | ||
| 008 | 250403b |||||||| |||| 00| 0 eng d | ||
| 020 | _a9789354358302 | ||
| 041 | _aeng | ||
| 082 | _a658.872 MIS | ||
| 100 | _aMishra, Aparna | ||
| 245 | _aDigital Transformation: Progressive Business Management Entrepreneurship and Social Security | ||
| 260 |
_aNew Delhi _bBloomsbury Academic India _c2022 |
||
| 300 | _a142;. pages: 24 cm | ||
| 650 | _aApplication software; Computer Security; e-Business; e-Commerce | ||
| 700 | _aDahiya, Vikas and Saluja, Deepali | ||
| 942 | _cBK | ||
| 999 |
_c43533 _d43533 |
||